[Event "ureki 2015"]
[Site "?"]
[Date "2015.10.06"]
[Round "2.10"]
[White "Mikadze, Miranda"]
[Black "Shamatava, Ana"]
[Result "1/2-1/2"]
[LiveChessVersion "1.3.1"]
[BlackElo "2054"]
[WhiteElo "2245"]

1. e4 {[%clk 1:30:56]} e5 {[%clk 1:30:48]} 2. Nf3 {[%clk 1:31:11]} Nc6
{[%clk 1:31:11]} 3. Bb5 {[%clk 1:30:46]} a6 {[%clk 1:31:37]} 4. Ba4
{[%clk 1:31:11]} d6 {[%clk 1:32:03]} 5. c3 {[%clk 1:31:20]} g6 {[%clk 1:32:17]}
6. d4 {[%clk 1:29:10]} Bd7 {[%clk 1:32:14]} 7. dxe5 {[%clk 1:28:24]} Nxe5
{[%clk 1:29:22]} 8. Nxe5 {[%clk 1:22:52]} dxe5 {[%clk 1:29:25]} 9. O-O
{[%clk 1:23:14]} Bxa4 {[%clk 1:21:38]} 10. Qxa4+ {[%clk 1:23:38]} Qd7
{[%clk 1:22:06]} 11. Qb3 {[%clk 1:22:26]} O-O-O {[%clk 1:22:12]} 12. Na3
{[%clk 1:21:05]} Bc5 {[%clk 1:18:52]} 13. Bg5 {[%clk 1:14:14]} f6
{[%clk 1:15:35]} 14. Rad1 {[%clk 1:13:40]} Bd6 {[%clk 1:15:16]} 15. Be3
{[%clk 1:12:57]} Kb8 {[%clk 1:05:39]} 16. c4 {[%clk 0:59:00]} Qe6
{[%clk 0:57:12]} 17. Qc3 {[%clk 0:54:12]} f5 {[%clk 0:55:11]} 18. c5
{[%clk 0:46:02]} Be7 {[%clk 0:54:22]} 19. Rxd8+ {[%clk 0:32:48]} Bxd8
{[%clk 0:54:42]} 20. c6 {[%clk 0:33:15]} Qxc6 {[%clk 0:51:40]} 21. Qxc6
{[%clk 0:30:18]} bxc6 {[%clk 0:52:02]} 22. exf5 {[%clk 0:30:20]} gxf5
{[%clk 0:52:07]} 23. Rc1 {[%clk 0:30:29]} Nf6 {[%clk 0:45:57]} 24. Rxc6
{[%clk 0:28:27]} Kb7 {[%clk 0:45:37]} 25. Rc5 {[%clk 0:21:32]} f4
{[%clk 0:43:27]} 26. Bc1 {[%clk 0:20:54]} Nd7 {[%clk 0:42:30]} 27. Rd5
{[%clk 0:18:36]} Kc6 {[%clk 0:40:57]} 28. Rd3 {[%clk 0:17:07]} Bf6
{[%clk 0:37:45]} 29. Kf1 {[%clk 0:16:10]} Nb6 {[%clk 0:30:57]} 30. Ke2
{[%clk 0:14:29]} h5 {[%clk 0:27:28]} 31. Kf3 {[%clk 0:12:46]} Rg8
{[%clk 0:25:17]} 32. Rd1 {[%clk 0:02:59]} h4 {[%clk 0:20:15]} 33. Nc2
{[%clk 0:01:52]} a5 {[%clk 0:18:14]} 34. Ne1 {[%clk 0:01:59]} Nc4
{[%clk 0:15:55]} 35. b3 {[%clk 0:02:19]} Nd6 {[%clk 0:16:12]} 36. Ba3
{[%clk 0:01:48]} e4+ {[%clk 0:13:59]} 37. Ke2 {[%clk 0:01:23]} Nb5
{[%clk 0:09:06]} 38. Rc1+ {[%clk 0:01:48]} Kb7 {[%clk 0:09:33]} 39. Bc5
{[%clk 0:02:03]} Nc3+ {[%clk 0:08:16]} 40. Kf1 {[%clk 0:32:20]} Rd8
{[%clk 0:37:48]} 41. Be7 {[%clk 0:19:43]} Bxe7 {[%clk 0:33:34]} 1/2-1/2

[Event "ureki 2015"]
[Site "?"]
[Date "2015.10.06"]
[Round "2.11"]
[White "Ebralidze, Alexandre"]
[Black "Sibashvili, Giorgi"]
[Result "0-1"]
[LiveChessVersion "1.3.1"]
[BlackElo "2367"]
[WhiteElo "2163"]

1. d4 {[%clk 1:30:57]} g6 {[%clk 1:30:53]} 2. Nf3 {[%clk 1:30:39]} Bg7
{[%clk 1:29:41]} 3. c4 {[%clk 1:30:57]} c5 {[%clk 1:30:05]} 4. Nc3
{[%clk 1:26:44]} cxd4 {[%clk 1:30:28]} 5. Nxd4 {[%clk 1:27:05]} Nc6
{[%clk 1:30:55]} 6. e3 {[%clk 1:25:18]} Nf6 {[%clk 1:30:04]} 7. g3
{[%clk 1:23:03]} d5 {[%clk 1:25:47]} 8. Bg2 {[%clk 1:15:10]} Nxd4
{[%clk 1:19:04]} 9. exd4 {[%clk 1:14:17]} dxc4 {[%clk 1:17:30]} 10. Qa4+
{[%clk 1:12:48]} Nd7 {[%clk 1:10:10]} 11. Be3 {[%clk 1:04:09]} O-O
{[%clk 1:06:33]} 12. Qxc4 {[%clk 1:02:49]} Nb6 {[%clk 1:05:43]} 13. Qe2
{[%clk 0:50:41]} Be6 {[%clk 0:54:33]} 14. Bxb7 {[%clk 0:47:16]} Rb8
{[%clk 0:54:32]} 15. Ba6 {[%clk 0:42:51]} Bxd4 {[%clk 0:51:03]} 16. Rd1
{[%clk 0:30:04]} Bxc3+ {[%clk 0:50:13]} 17. bxc3 {[%clk 0:30:28]} Qc7
{[%clk 0:48:22]} 18. Bd4 {[%clk 0:25:58]} Bc4 {[%clk 0:42:24]} 19. Bxc4
{[%clk 0:18:36]} Nxc4 {[%clk 0:42:42]} 20. O-O {[%clk 0:12:29]} Rb2
{[%clk 0:41:36]} 21. Qd3 {[%clk 0:07:55]} Rxa2 {[%clk 0:39:06]} 22. Ra1
{[%clk 0:06:48]} Rxa1 {[%clk 0:39:26]} 23. Rxa1 {[%clk 0:07:17]} a5
{[%clk 0:39:45]} 24. h4 {[%clk 0:03:19]} h5 {[%clk 0:33:55]} 25. Qf3
{[%clk 0:02:58]} Rd8 {[%clk 0:31:59]} 26. g4 {[%clk 0:02:13]} hxg4
{[%clk 0:29:33]} 27. Qe4 {[%clk 0:00:50]} e5 {[%clk 0:28:39]} 28. Be3
{[%clk 0:00:49]} f5 {[%clk 0:28:57]} 29. Qc2 {[%clk 0:00:42]} Nxe3
{[%clk 0:27:57]} 30. fxe3 {[%clk 0:01:10]} e4 {[%clk 0:26:47]} 31. Qa2+
{[%clk 0:00:39]} Kg7 {[%clk 0:26:53]} 32. Qxa5 {[%clk 0:00:42]} Qg3+
{[%clk 0:26:50]} 33. Kf1 {[%clk 0:00:37]} Rd2 0-1

[Event "ureki 2015"]
[Site "?"]
[Date "2015.10.06"]
[Round "2.12"]
[White "Kuchava, Ana"]
[Black "Khomeriki, Ketevan"]
[Result "1/2-1/2"]
[LiveChessVersion "1.3.1"]
[BlackElo "1841"]
[WhiteElo "2095"]

1. d4 {[%clk 1:30:57]} f5 {[%clk 1:30:52]} 2. Nc3 {[%clk 1:29:41]} d5
{[%clk 1:31:07]} 3. Bf4 {[%clk 1:29:40]} a6 {[%clk 1:31:25]} 4. e3
{[%clk 1:28:56]} Nf6 {[%clk 1:31:39]} 5. Nf3 {[%clk 1:20:52]} e6 {[%clk 1:31:41]}
6. Bd3 {[%clk 1:20:16]} c5 {[%clk 1:28:12]} 7. dxc5 {[%clk 1:20:40]} Bxc5
{[%clk 1:28:39]} 8. O-O {[%clk 1:21:00]} O-O {[%clk 1:28:20]} 9. Ne2
{[%clk 1:17:54]} Nc6 {[%clk 1:27:33]} 10. Ne5 {[%clk 1:07:38]} Nxe5
{[%clk 1:25:19]} 11. Bxe5 {[%clk 1:08:01]} Nd7 {[%clk 1:22:02]} 12. Bd4
{[%clk 1:02:57]} e5 {[%clk 1:14:21]} 13. Bxc5 {[%clk 1:03:12]} Nxc5
{[%clk 1:14:47]} 14. Nc3 {[%clk 1:01:15]} Be6 {[%clk 1:10:59]} 15. Be2
{[%clk 0:57:32]} b5 {[%clk 1:07:22]} 16. a3 {[%clk 0:52:45]} Rc8 {[%clk 0:55:50]}
17. Qd2 {[%clk 0:44:35]} d4 {[%clk 0:52:36]} 18. exd4 {[%clk 0:39:42]} exd4
{[%clk 0:51:28]} 19. Na2 {[%clk 0:38:56]} Ne4 {[%clk 0:46:16]} 20. Qd1
{[%clk 0:38:35]} Rf6 {[%clk 0:42:41]} 21. Nb4 {[%clk 0:36:01]} Rh6
{[%clk 0:38:08]} 22. g3 {[%clk 0:35:51]} f4 {[%clk 0:29:53]} 23. Nd3
{[%clk 0:21:09]} fxg3 {[%clk 0:21:56]} 24. fxg3 {[%clk 0:20:21]} Qc7
{[%clk 0:12:17]} 25. Nf4 {[%clk 0:16:23]} Bh3 {[%clk 0:09:48]} 26. Qxd4
{[%clk 0:11:41]} Bxf1 {[%clk 0:08:44]} 27. Rxf1 {[%clk 0:11:28]} Qxc2
{[%clk 0:07:35]} 28. Qd5+ {[%clk 0:03:05]} Kh8 {[%clk 0:08:01]} 29. Qf5
{[%clk 0:01:16]} Rf6 {[%clk 0:06:05]} 30. Qh3 {[%clk 0:01:11]} Qc5+
{[%clk 0:04:49]} 31. Kg2 {[%clk 0:01:38]} Re8 {[%clk 0:00:55]} 32. Qd7
{[%clk 0:00:38]} Nd6 {[%clk 0:00:35]} 33. Bf3 {[%clk 0:00:31]} Ref8
{[%clk 0:00:38]} 34. Ne6 {[%clk 0:00:36]} Rxe6 {[%clk 0:00:33]} 35. Qxe6
{[%clk 0:01:02]} Nc4 {[%clk 0:00:48]} 36. Rf2 {[%clk 0:00:31]} Ne3+
{[%clk 0:00:54]} 37. Kh3 {[%clk 0:00:53]} Rf6 {[%clk 0:00:38]} 38. Qe8+
{[%clk 0:01:17]} Rf8 {[%clk 0:01:05]} 39. Qe6 {[%clk 0:01:06]} Rf6
{[%clk 0:00:42]} 40. Qe8+ {[%clk 0:31:11]} Rf8 {[%clk 0:30:59]} 41. Qe6
{[%clk 0:29:15]} Ng4 {[%clk 0:27:31]} 42. Bxg4 {[%clk 0:26:06]} Qxf2
{[%clk 0:27:34]} 43. Qxa6 {[%clk 0:26:24]} Qf1+ {[%clk 0:22:50]} 44. Kh4
{[%clk 0:26:49]} Rg8 {[%clk 0:19:54]} 45. Qe6 {[%clk 0:25:47]} Qg2
{[%clk 0:17:48]} 46. Qe2 {[%clk 0:25:14]} Qd5 {[%clk 0:16:10]} 47. Kh3
{[%clk 0:24:01]} Rd8 {[%clk 0:14:58]} 48. Be6 {[%clk 0:23:12]} Qg5
{[%clk 0:13:41]} 49. Bd7 {[%clk 0:18:39]} 1/2-1/2

[Event "ureki2015"]
[Site "?"]
[Date "2015.10.07"]
[Round "3.1"]
[White "Fier, Alexandr"]
[Black "Jobava, Baadur"]
[Result "1-0"]
[LiveChessVersion "1.3.1"]
[BlackElo "2683"]
[WhiteElo "2624"]

1. e4 {[%clk 1:30:57]} c6 {[%clk 1:30:19]} 2. d4 {[%clk 1:31:21]} d5
{[%clk 1:30:43]} 3. Nc3 {[%clk 1:31:27]} a6 {[%clk 1:21:10]} 4. Bd3
{[%clk 1:31:15]} e6 {[%clk 0:45:26]} 5. Nf3 {[%clk 1:31:15]} Nf6 {[%clk 0:45:51]}
6. O-O {[%clk 1:29:48]} Be7 {[%clk 0:46:07]} 7. Re1 {[%clk 1:27:42]} b6
{[%clk 0:46:19]} 8. Bg5 {[%clk 1:25:29]} Bb7 {[%clk 0:46:15]} 9. e5
{[%clk 1:25:15]} Nfd7 {[%clk 0:46:40]} 10. Bxe7 {[%clk 1:25:42]} Qxe7
{[%clk 0:47:05]} 11. Ne2 {[%clk 1:26:07]} c5 {[%clk 0:47:14]} 12. c3
{[%clk 1:25:57]} Nc6 {[%clk 0:47:39]} 13. h4 {[%clk 1:16:31]} h6 {[%clk 0:47:29]}
14. h5 {[%clk 1:15:51]} O-O {[%clk 0:46:43]} 15. Nf4 {[%clk 1:14:44]} Rfc8
{[%clk 0:46:03]} 16. a3 {[%clk 1:14:24]} Nf8 {[%clk 0:44:53]} 17. b4
{[%clk 1:10:56]} Na7 {[%clk 0:39:10]} 18. Qd2 {[%clk 1:09:50]} a5
{[%clk 0:35:50]} 19. Rab1 {[%clk 1:07:21]} axb4 {[%clk 0:34:42]} 20. axb4
{[%clk 1:07:46]} c4 {[%clk 0:33:49]} 21. Bc2 {[%clk 1:05:27]} Nb5
{[%clk 0:34:14]} 22. Ra1 {[%clk 1:05:52]} Bc6 {[%clk 0:34:40]} 23. g4
{[%clk 1:05:18]} Be8 {[%clk 0:34:41]} 24. Ne2 {[%clk 1:04:20]} Na3
{[%clk 0:32:25]} 25. Bd1 {[%clk 1:00:33]} Nb5 {[%clk 0:31:47]} 26. Bc2
{[%clk 1:00:00]} Na3 {[%clk 0:32:11]} 27. Bd1 {[%clk 0:59:13]} Ra7
{[%clk 0:28:15]} 28. Kh2 {[%clk 0:52:42]} Rca8 {[%clk 0:25:24]} 29. Rg1
{[%clk 0:51:19]} Nh7 {[%clk 0:24:27]} 30. g5 {[%clk 0:51:26]} hxg5
{[%clk 0:24:34]} 31. Nxg5 {[%clk 0:51:52]} Nxg5 {[%clk 0:22:06]} 32. Rxg5
{[%clk 0:52:18]} f6 {[%clk 0:22:17]} 33. Rg3 {[%clk 0:48:07]} fxe5
{[%clk 0:16:58]} 34. dxe5 {[%clk 0:48:33]} Qh4+ {[%clk 0:16:57]} 35. Kg1
{[%clk 0:48:47]} Qxh5 {[%clk 0:17:18]} 36. Nd4 {[%clk 0:48:03]} Qxe5
{[%clk 0:10:47]} 37. Bg4 {[%clk 0:48:22]} Bf7 {[%clk 0:05:00]} 38. Re1
{[%clk 0:48:47]} Qf6 {[%clk 0:05:23]} 39. Rxe6 {[%clk 0:46:58]} Bxe6
{[%clk 0:05:11]} 40. Bxe6+ {[%clk 1:17:23]} Rf7 {[%clk 0:35:38]} 41. Bxd5
{[%clk 1:16:27]} Rd8 {[%clk 0:31:33]} 42. Bxf7+ {[%clk 1:16:13]} Qxf7
{[%clk 0:31:23]} 43. Qh6 {[%clk 1:12:34]} Qb7 {[%clk 0:15:48]} 44. Qc1
{[%clk 0:55:27]} Qa8 {[%clk 0:12:32]} 45. f3 {[%clk 0:45:17]} Rd7
{[%clk 0:11:58]} 46. Rg2 {[%clk 0:44:43]} Qe8 {[%clk 0:06:15]} 47. Re2
{[%clk 0:40:13]} Qg6+ {[%clk 0:06:41]} 48. Kf2 {[%clk 0:40:40]} Nb1 49. Re4
{[%clk 0:36:50]} Qh6 {[%clk 0:02:15]} 50. Qxb1 {[%clk 0:36:19]} Qh2+
{[%clk 0:02:41]} 51. Ke3 {[%clk 0:36:44]} Qh6+ 52. Ke2 {[%clk 0:35:46]} Ra7
{[%clk 0:03:32]} 53. Kd1 {[%clk 0:34:49]} 1-0

[Event "ureki2015"]
[Site "?"]
[Date "2015.10.07"]
[Round "3.2"]
[White "Pantsulaia, Levan"]
[Black "Jojua, Davit"]
[Result "1/2-1/2"]
[LiveChessVersion "1.3.1"]
[BlackElo "2580"]
[WhiteElo "2572"]

1. Nf3 {[%clk 1:29:03]} g6 {[%clk 1:30:19]} 2. g3 {[%clk 1:29:18]} c5
{[%clk 1:30:09]} 3. Bg2 {[%clk 1:28:12]} Bg7 {[%clk 1:30:27]} 4. c4
{[%clk 1:28:11]} Nc6 {[%clk 1:30:46]} 5. Nc3 {[%clk 1:28:34]} e6 {[%clk 1:30:54]}
6. d4 {[%clk 1:27:20]} cxd4 {[%clk 1:30:38]} 7. Nb5 {[%clk 1:27:45]} d5
{[%clk 1:30:44]} 8. cxd5 {[%clk 1:28:07]} exd5 {[%clk 1:31:00]} 9. O-O
{[%clk 1:27:45]} Nge7 {[%clk 1:31:17]} 10. Bf4 {[%clk 1:26:46]} O-O
{[%clk 1:31:14]} 11. Nfxd4 {[%clk 1:26:04]} Nxd4 {[%clk 1:14:12]} 12. Nxd4
{[%clk 1:26:27]} Qb6 {[%clk 1:12:15]} 13. e3 {[%clk 1:25:09]} Nc6
{[%clk 1:06:25]} 14. Bxd5 {[%clk 1:05:08]} Nxd4 {[%clk 1:01:56]} 15. exd4
{[%clk 1:02:16]} Bh3 {[%clk 0:35:36]} 16. Re1 {[%clk 1:00:49]} Rad8
{[%clk 0:30:55]} 17. Qf3 {[%clk 0:55:02]} Qxb2 {[%clk 0:25:04]} 18. Bb3
{[%clk 0:52:19]} Qxd4 {[%clk 0:17:12]} 19. Rad1 {[%clk 0:50:45]} Qb4
{[%clk 0:14:16]} 20. Rb1 {[%clk 0:46:57]} Qc3 {[%clk 0:12:31]} 21. Re3
{[%clk 0:43:54]} Qc6 {[%clk 0:08:22]} 22. Qxc6 {[%clk 0:42:11]} bxc6
{[%clk 0:08:51]} 23. Rc1 {[%clk 0:42:24]} Bd4 {[%clk 0:07:35]} 24. Re7
{[%clk 0:41:19]} Rd7 {[%clk 0:07:36]} 25. Rxd7 {[%clk 0:41:11]} Bxd7
{[%clk 0:08:00]} 26. Rd1 {[%clk 0:41:34]} c5 {[%clk 0:08:12]} 27. Bd6
{[%clk 0:41:57]} Bg4 {[%clk 0:05:58]} 28. Bxf8 {[%clk 0:42:12]} Bxd1
{[%clk 0:06:26]} 29. Bxc5 {[%clk 0:42:32]} Bxb3 {[%clk 0:06:49]} 30. Bxd4
{[%clk 0:42:57]} Bxa2 {[%clk 0:07:16]} 31. Bxa7 {[%clk 0:43:20]} 1/2-1/2

[Event "ureki2015"]
[Site "?"]
[Date "2015.10.07"]
[Round "3.3"]
[White "Maghalashvili, Davit"]
[Black "Azaladze, Shota"]
[Result "1-0"]
[LiveChessVersion "1.3.1"]
[BlackElo "2475"]
[WhiteElo "2504"]

1. d4 {[%clk 1:30:57]} g6 {[%clk 1:30:05]} 2. c4 {[%clk 1:30:47]} Bg7
{[%clk 1:30:27]} 3. Nf3 {[%clk 1:30:52]} Nf6 {[%clk 1:30:38]} 4. Nc3
{[%clk 1:30:24]} O-O {[%clk 1:26:52]} 5. g3 {[%clk 1:27:50]} d5 {[%clk 1:23:02]}
6. cxd5 {[%clk 1:26:30]} Nxd5 {[%clk 1:23:28]} 7. Bg2 {[%clk 1:23:56]} Nc6
{[%clk 1:16:47]} 8. O-O {[%clk 1:23:43]} Nb6 {[%clk 1:17:04]} 9. e3
{[%clk 1:18:58]} Re8 {[%clk 1:16:33]} 10. Re1 {[%clk 1:16:58]} a5
{[%clk 1:11:09]} 11. h3 {[%clk 1:14:09]} a4 {[%clk 1:07:37]} 12. Rb1
{[%clk 1:10:40]} Ra5 {[%clk 0:49:54]} 13. b4 {[%clk 0:54:34]} axb3
{[%clk 0:50:01]} 14. axb3 {[%clk 0:54:58]} e5 {[%clk 0:38:37]} 15. b4
{[%clk 0:45:41]} Ra8 {[%clk 0:38:24]} 16. b5 {[%clk 0:30:21]} exd4
{[%clk 0:35:47]} 17. exd4 {[%clk 0:30:45]} Rxe1+ {[%clk 0:28:44]} 18. Qxe1
{[%clk 0:31:10]} Nxd4 {[%clk 0:21:11]} 19. Nxd4 {[%clk 0:31:14]} Qxd4
{[%clk 0:14:00]} 20. Nd5 {[%clk 0:28:03]} Qe5 {[%clk 0:06:20]} 21. Bf4
{[%clk 0:25:25]} Qxe1+ {[%clk 0:05:27]} 22. Rxe1 {[%clk 0:25:51]} Ra1
{[%clk 0:00:51]} 23. Rxa1 {[%clk 0:25:30]} Bxa1 {[%clk 0:01:19]} 24. Ne7+
{[%clk 0:25:31]} Kf8 {[%clk 0:01:14]} 25. Nxc8 {[%clk 0:25:55]} Nxc8
{[%clk 0:01:42]} 26. Bxb7 {[%clk 0:25:32]} Nb6 {[%clk 0:00:45]} 27. Bxc7
{[%clk 0:25:23]} Bd4 {[%clk 0:01:13]} 28. Kg2 {[%clk 0:24:18]} Ke7
{[%clk 0:01:33]} 29. Bc6 {[%clk 0:23:56]} Nc4 {[%clk 0:00:58]} 30. Bd5
{[%clk 0:23:17]} Nb6 {[%clk 0:00:44]} 31. Bb3 {[%clk 0:23:34]} h5
{[%clk 0:01:04]} 32. Bf4 {[%clk 0:22:29]} Nd7 {[%clk 0:00:40]} 33. Kf3
{[%clk 0:21:19]} f6 {[%clk 0:00:48]} 34. Be3 {[%clk 0:20:16]} Bxe3
{[%clk 0:00:41]} 35. Kxe3 {[%clk 0:20:23]} Kd6 {[%clk 0:00:57]} 36. Kd4
{[%clk 0:18:21]} g5 {[%clk 0:00:42]} 37. Bd1 {[%clk 0:16:59]} h4 {[%clk 0:00:58]}
38. gxh4 {[%clk 0:14:42]} gxh4 {[%clk 0:01:26]} 39. Bg4 {[%clk 0:10:59]} Nc5
{[%clk 0:00:43]} 40. b6 {[%clk 0:37:49]} Nb3+ {[%clk 0:30:41]} 41. Kc4
{[%clk 0:34:36]} Nd2+ {[%clk 0:30:36]} 42. Kb5 {[%clk 0:34:37]} Ne4
{[%clk 0:30:57]} 43. Ka6 {[%clk 0:34:31]} 1-0

[Event "ureki2015"]
[Site "?"]
[Date "2015.10.07"]
[Round "3.4"]
[White "Gvetadze, Sofio"]
[Black "Mikadze, Miranda"]
[Result "1-0"]
[LiveChessVersion "1.3.1"]
[BlackElo "2245"]
[WhiteElo "2314"]

1. d4 {[%clk 1:30:57]} d5 {[%clk 1:29:36]} 2. Nf3 {[%clk 1:31:15]} Nf6
{[%clk 1:29:46]} 3. e3 {[%clk 1:31:28]} Bf5 {[%clk 1:24:25]} 4. b3
{[%clk 1:30:03]} e6 {[%clk 1:24:07]} 5. Bb2 {[%clk 1:30:14]} c5 {[%clk 1:20:54]}
6. Bb5+ {[%clk 1:27:02]} Nbd7 {[%clk 1:17:51]} 7. O-O {[%clk 1:27:12]} a6
{[%clk 1:10:41]} 8. Be2 {[%clk 1:26:46]} cxd4 {[%clk 1:10:14]} 9. Nxd4
{[%clk 1:24:40]} Bg6 {[%clk 1:10:17]} 10. c4 {[%clk 1:24:25]} Rc8
{[%clk 0:57:11]} 11. Nd2 {[%clk 1:20:28]} dxc4 {[%clk 0:52:10]} 12. Nxc4
{[%clk 1:20:17]} b5 {[%clk 0:52:24]} 13. Nd2 {[%clk 1:19:50]} e5 {[%clk 0:51:26]}
14. N4f3 {[%clk 1:12:56]} Bc2 {[%clk 0:47:21]} 15. Qe1 {[%clk 1:08:48]} Bb4
{[%clk 0:47:05]} 16. a3 {[%clk 1:07:21]} Bd6 {[%clk 0:47:00]} 17. a4
{[%clk 1:00:30]} Qb6 {[%clk 0:44:23]} 18. axb5 {[%clk 1:00:39]} axb5
{[%clk 0:44:38]} 19. Ba3 {[%clk 1:00:35]} Nc5 {[%clk 0:35:50]} 20. Ra2
{[%clk 0:31:51]} Bf5 {[%clk 0:23:37]} 21. Qa1 {[%clk 0:27:49]} Nfd7
{[%clk 0:22:30]} 22. Bxc5 {[%clk 0:24:26]} Rxc5 {[%clk 0:20:04]} 23. Ra6
{[%clk 0:24:03]} Qc7 {[%clk 0:20:00]} 24. b4 {[%clk 0:22:41]} Rc2
{[%clk 0:13:37]} 25. Ra8+ {[%clk 0:22:25]} Nb8 {[%clk 0:14:03]} 26. Bxb5+
{[%clk 0:22:43]} Kf8 {[%clk 0:04:01]} 27. Ba4 {[%clk 0:19:41]} Ke7
{[%clk 0:01:10]} 28. Bxc2 {[%clk 0:13:31]} Qxc2 {[%clk 0:01:35]} 29. Ra2
{[%clk 0:12:39]} Qc8 {[%clk 0:00:56]} 30. Nxe5 {[%clk 0:12:53]} Bxb4
{[%clk 0:00:35]} 31. Ra7+ {[%clk 0:12:15]} Nd7 {[%clk 0:00:39]} 32. Rc1
{[%clk 0:07:46]} Bxd2 {[%clk 0:00:32]} 33. Rxc8 {[%clk 0:07:28]} Rxc8
{[%clk 0:00:58]} 34. Qa3+ {[%clk 0:07:00]} Ke8 {[%clk 0:00:37]} 1-0

[Event "ureki2015"]
[Site "?"]
[Date "2015.10.07"]
[Round "3.5"]
[White "Sibashvili, Giorgi"]
[Black "Beradze, Irakli"]
[Result "1/2-1/2"]
[LiveChessVersion "1.3.1"]
[BlackElo "2416"]
[WhiteElo "2367"]

1. d4 {[%clk 1:30:56]} Nf6 {[%clk 1:30:34]} 2. c4 {[%clk 1:31:01]} e6
{[%clk 1:30:26]} 3. Nf3 {[%clk 1:30:12]} b6 {[%clk 1:30:15]} 4. g3
{[%clk 1:29:26]} Ba6 {[%clk 1:27:50]} 5. Qa4 {[%clk 1:25:48]} Bb7
{[%clk 1:19:37]} 6. Bg2 {[%clk 1:23:16]} c5 {[%clk 1:14:14]} 7. dxc5
{[%clk 1:15:41]} Bxc5 {[%clk 1:13:43]} 8. O-O {[%clk 1:15:07]} O-O
{[%clk 1:13:08]} 9. Nc3 {[%clk 1:15:13]} Be7 {[%clk 1:13:03]} 10. Rd1
{[%clk 1:10:26]} Na6 {[%clk 1:00:58]} 11. Bf4 {[%clk 1:03:38]} Nc5
{[%clk 0:56:51]} 12. Qc2 {[%clk 1:03:12]} Qc8 {[%clk 0:55:33]} 13. Rac1
{[%clk 0:58:45]} Nce4 {[%clk 0:53:57]} 14. Nd4 {[%clk 0:57:12]} Nxc3
{[%clk 0:50:20]} 15. Qxc3 {[%clk 0:57:05]} Bxg2 {[%clk 0:50:12]} 16. Kxg2
{[%clk 0:57:27]} a6 {[%clk 0:47:18]} 17. Qb3 Qb7+ 18. Qf3 {[%clk 0:56:53]} Ne4
{[%clk 0:47:32]} 19. Nb3 {[%clk 0:56:04]} f5 {[%clk 0:47:33]} 20. Nd2
{[%clk 0:55:27]} g5 {[%clk 0:45:20]} 21. Nxe4 {[%clk 0:55:28]} fxe4
{[%clk 0:45:30]} 22. Qg4 {[%clk 0:55:44]} h5 {[%clk 0:45:44]} 23. Qxh5
{[%clk 0:55:55]} gxf4 {[%clk 0:46:10]} 24. Qg6+ {[%clk 0:56:20]} Kh8
{[%clk 0:46:34]} 25. Qh6+ {[%clk 0:56:35]} Kg8 {[%clk 0:46:58]} 26. Qg6+
{[%clk 0:57:00]} Kh8 {[%clk 0:47:21]} 27. Qh6+ {[%clk 0:57:25]} Kg8 1/2-1/2

[Event "ureki2015"]
[Site "?"]
[Date "2015.10.07"]
[Round "3.6"]
[White "Khomeriki, Nino"]
[Black "Kuchava, Ana"]
[Result "1/2-1/2"]
[LiveChessVersion "1.3.1"]
[BlackElo "2095"]
[WhiteElo "2295"]

1. Nf3 {[%clk 1:30:57]} d5 {[%clk 1:30:51]} 2. g3 {[%clk 1:31:22]} Nf6
{[%clk 1:31:08]} 3. Bg2 {[%clk 1:31:47]} e6 {[%clk 1:31:24]} 4. O-O
{[%clk 1:32:06]} Be7 {[%clk 1:31:40]} 5. c4 {[%clk 1:32:31]} O-O {[%clk 1:32:03]}
6. b3 {[%clk 1:32:50]} b6 {[%clk 1:32:05]} 7. Bb2 {[%clk 1:33:14]} Bb7
{[%clk 1:32:29]} 8. e3 {[%clk 1:33:22]} Nbd7 {[%clk 1:32:39]} 9. Qe2
{[%clk 1:31:14]} c5 {[%clk 1:30:46]} 10. d3 {[%clk 1:27:16]} Qc7 {[%clk 1:20:53]}
11. Nc3 {[%clk 1:27:23]} Rad8 {[%clk 1:15:19]} 12. Rfd1 {[%clk 1:20:35]} Bc6
{[%clk 1:08:07]} 13. cxd5 {[%clk 1:04:15]} Nxd5 {[%clk 1:05:51]} 14. Nxd5
{[%clk 1:04:25]} Bxd5 {[%clk 1:05:43]} 15. e4 {[%clk 1:04:25]} Ba8
{[%clk 0:47:33]} 16. d4 {[%clk 0:56:07]} Nf6 {[%clk 0:41:11]} 17. e5
{[%clk 0:55:48]} Nd5 {[%clk 0:34:30]} 18. Rac1 Qd7 19. dxc5 {[%clk 0:54:33]} Bxc5
{[%clk 0:34:28]} 20. Ng5 {[%clk 0:54:31]} Be7 {[%clk 0:30:55]} 21. Nxh7
{[%clk 0:46:22]} Kxh7 {[%clk 0:20:43]} 22. Qh5+ {[%clk 0:46:16]} Kg8
{[%clk 0:21:08]} 23. Be4 {[%clk 0:46:36]} g6 {[%clk 0:18:08]} 24. Bxg6
{[%clk 0:46:56]} fxg6 25. Qxg6+ {[%clk 0:47:21]} Kh8 {[%clk 0:18:26]} 26. Rd4
{[%clk 0:40:08]} Rf5 {[%clk 0:16:02]} 27. Rcc4 {[%clk 0:35:58]} Nf4
{[%clk 0:05:28]} 28. Qh6+ {[%clk 0:33:22]} Kg8 {[%clk 0:05:57]} 29. Rxd7
{[%clk 0:32:12]} Rxd7 {[%clk 0:06:22]} 30. Rc1 {[%clk 0:31:02]} Bg5
{[%clk 0:03:45]} 31. Rc8+ {[%clk 0:31:31]} Bd8 {[%clk 0:04:14]} 32. f3
{[%clk 0:30:27]} Rd1+ {[%clk 0:00:37]} 33. Kf2 {[%clk 0:29:10]} Nd3+ 34. Ke2
Bxf3+ {[%clk 0:00:35]} 35. Ke3 {[%clk 0:29:40]} Nxb2 {[%clk 0:00:40]} 36. Qxe6+
{[%clk 0:27:45]} Rf7 {[%clk 0:01:09]} 37. Qe8+ {[%clk 0:23:47]} Rf8
{[%clk 0:00:59]} 38. Qg6+ {[%clk 0:24:07]} Kh8 {[%clk 0:01:28]} 39. Qh6+
{[%clk 0:24:07]} Kg8 {[%clk 0:01:57]} 1/2-1/2

[Event "ureki2015"]
[Site "?"]
[Date "2015.10.07"]
[Round "3.7"]
[White "Bernadskiy, Vitaliy"]
[Black "Morchiashvili, Bachana"]
[Result "1-0"]
[LiveChessVersion "1.3.1"]
[BlackElo "2331"]
[WhiteElo "2544"]

1. e4 {[%clk 1:30:57]} c5 {[%clk 1:30:50]} 2. Nf3 {[%clk 1:31:16]} d6
{[%clk 1:31:11]} 3. Bb5+ {[%clk 1:31:06]} Bd7 {[%clk 1:31:34]} 4. Bxd7+
{[%clk 1:31:30]} Qxd7 {[%clk 1:31:59]} 5. c4 {[%clk 1:31:31]} Nf6
{[%clk 1:32:21]} 6. Nc3 {[%clk 1:31:57]} Nc6 {[%clk 1:32:06]} 7. O-O
{[%clk 1:31:50]} g6 {[%clk 1:30:40]} 8. d3 {[%clk 1:29:27]} Bg7 {[%clk 1:30:57]}
9. h3 {[%clk 1:28:05]} O-O {[%clk 1:30:28]} 10. Be3 {[%clk 1:28:09]} Rfc8
{[%clk 1:25:17]} 11. Nh2 {[%clk 1:26:02]} a6 {[%clk 1:22:45]} 12. a4
{[%clk 1:26:11]} Rab8 {[%clk 1:10:45]} 13. f4 {[%clk 1:25:58]} Nd4
{[%clk 1:02:24]} 14. Bxd4 {[%clk 1:21:23]} cxd4 {[%clk 1:02:21]} 15. Ne2
{[%clk 1:21:21]} b5 {[%clk 1:01:46]} 16. cxb5 {[%clk 1:21:33]} axb5
{[%clk 1:01:59]} 17. a5 {[%clk 1:21:55]} Qa7 {[%clk 1:00:48]} 18. Kh1
{[%clk 1:21:05]} b4 {[%clk 1:00:22]} 19. Nf3 {[%clk 1:16:23]} Nd7
{[%clk 0:58:04]} 20. Nd2 {[%clk 1:15:18]} Qa6 {[%clk 0:51:47]} 21. Nc4
{[%clk 1:10:00]} e6 {[%clk 0:50:20]} 22. f5 {[%clk 1:07:07]} exf5
{[%clk 0:37:15]} 23. exf5 {[%clk 1:07:25]} d5 {[%clk 0:37:38]} 24. Nb6
{[%clk 1:07:23]} Nxb6 {[%clk 0:37:59]} 25. axb6 {[%clk 1:07:47]} Qxb6
{[%clk 0:38:26]} 26. Nf4 {[%clk 1:07:50]} Ra8 {[%clk 0:29:25]} 27. Rxa8
{[%clk 0:59:29]} Rxa8 {[%clk 0:29:49]} 28. Qf3 {[%clk 0:58:36]} Qd6
{[%clk 0:23:36]} 29. Nxd5 {[%clk 0:52:39]} Rd8 {[%clk 0:21:44]} 30. Nf4
{[%clk 0:52:37]} Qe5 {[%clk 0:18:24]} 31. fxg6 {[%clk 0:50:42]} fxg6
{[%clk 0:13:55]} 32. Ra1 {[%clk 0:49:13]} Bh6 {[%clk 0:11:10]} 33. Ne2
{[%clk 0:46:33]} b3 {[%clk 0:07:13]} 34. Ng1 {[%clk 0:45:09]} Be3
{[%clk 0:03:27]} 35. Ra7 {[%clk 0:43:29]} Qd5 {[%clk 0:00:39]} 36. Qf6
{[%clk 0:43:50]} Bh6 {[%clk 0:00:58]} 37. Qe7 {[%clk 0:44:17]} 1-0